| 000 | 00599nam a2200193 a 4500 | ||
|---|---|---|---|
| 005 | 20260415064152.0 | ||
| 008 | 991125s1999 ea 000 0 eng u | ||
| 035 | _aUPN01000004848 | ||
| 049 | _aCG | ||
| 050 | 4 |
_aLB2325 _bA8.7 |
|
| 245 | 0 | 0 |
_aAssessment update: _bthe first ten years / _cPeter T. Ewell ... [et al.] ; ed. Trudy W. Banta. |
| 260 |
_aColorado, E.U.A. : _bNCHEMS, _c1999. |
||
| 300 | _aix,522 p. | ||
| 650 | 4 |
_aEvaluación educativa _94298 |
|
| 650 | 4 |
_aEducación superior _932 |
|
| 700 | 1 |
_aEwell, Peter T., _d1947- _ecoaut. _933477 |
|
| 700 | 1 |
_aBanta, Trudy W., _eed. |
|
| 905 | _aLibro | ||
| 999 |
_c4848 _d4848 |
||